<?xml version="1.0" encoding="UTF-8"?>
<record
    xmlns:xsi="http://www.w3.org/2001/XMLSchema-instance"
    xsi:schemaLocation="http://www.loc.gov/MARC21/slim http://www.loc.gov/standards/marcxml/schema/MARC21slim.xsd"
    xmlns="http://www.loc.gov/MARC21/slim">

  <leader>00816 am a22001934a 4500</leader>
  <controlfield tag="008">120219s2011    qa     g      000 0 ara d</controlfield>
  <datafield tag="020" ind1=" " ind2=" ">
    <subfield code="a">9789992179130 </subfield>
  </datafield>
  <datafield tag="082" ind1="0" ind2="4">
    <subfield code="a">320.962 </subfield>
    <subfield code="2"> 21</subfield>
    <subfield code="b">&#x641; &#x636; &#x644;</subfield>
  </datafield>
  <datafield tag="100" ind1="1" ind2=" ">
    <subfield code="a">&#x641;&#x636;&#x644;&#x60C; &#x628;&#x644;&#x627;&#x644;.</subfield>
    <subfield code="9">23854</subfield>
  </datafield>
  <datafield tag="245" ind1="1" ind2=" ">
    <subfield code="a">&#x623;&#x644;&#x64A;&#x633; &#x627;&#x644;&#x635;&#x628;&#x62D; &#x628;&#x642;&#x631;&#x64A;&#x628; &#x61F; :</subfield>
    <subfield code="b"> &#x634;&#x647;&#x627;&#x62F;&#x62A;&#x64A; &#x639;&#x644;&#x649; &#x645;&#x635;&#x631; &#x642;&#x628;&#x64A;&#x644; &#x625;&#x633;&#x642;&#x627;&#x637; &#x646;&#x638;&#x627;&#x645; &#x645;&#x628;&#x627;&#x631;&#x643; (2008 - 2010) /</subfield>
    <subfield code="c">&#x628;&#x644;&#x627;&#x644; &#x641;&#x636;&#x644;.</subfield>
  </datafield>
  <datafield tag="250" ind1=" " ind2=" ">
    <subfield code="a">&#x637;. 1.</subfield>
  </datafield>
  <datafield tag="260" ind1=" " ind2=" ">
    <subfield code="a">&#x627;&#x644;&#x62F;&#x648;&#x62D;&#x629; :</subfield>
    <subfield code="b">&#x62F;&#x627;&#x631; &#x628;&#x644;&#x648;&#x645;&#x632;&#x628;&#x631;&#x64A; - &#x645;&#x624;&#x633;&#x633;&#x629; &#x642;&#x637;&#x631; &#x644;&#x644;&#x646;&#x634;&#x631;&#x60C;</subfield>
    <subfield code="c"> 2011.</subfield>
  </datafield>
  <datafield tag="300" ind1=" " ind2=" ">
    <subfield code="a">255 &#x635;. &#x61B;</subfield>
    <subfield code="c"> 24 &#x633;&#x645;.</subfield>
  </datafield>
  <datafield tag="500" ind1=" " ind2=" ">
    <subfield code="a">&#x627;&#x644;&#x62C;&#x632;&#x621; &#x627;&#x644;&#x623;&#x648;&#x644; 2008 - 2010</subfield>
  </datafield>
  <datafield tag="651" ind1=" " ind2="4">
    <subfield code="a">&#x645;&#x635;&#x631; </subfield>
    <subfield code="x"> &#x627;&#x644;&#x623;&#x62D;&#x648;&#x627;&#x644; &#x627;&#x644;&#x633;&#x64A;&#x627;&#x633;&#x64A;&#x629;.</subfield>
    <subfield code="9">32417</subfield>
  </datafield>
  <datafield tag="651" ind1=" " ind2="4">
    <subfield code="a">&#x645;&#x635;&#x631; </subfield>
    <subfield code="x"> &#x62A;&#x627;&#x631;&#x64A;&#x62E; </subfield>
    <subfield code="y"> &#x627;&#x644;&#x639;&#x635;&#x631; &#x627;&#x644;&#x62D;&#x62F;&#x64A;&#x62B; </subfield>
    <subfield code="x"> &#x62D;&#x633;&#x646;&#x64A; &#x645;&#x628;&#x627;&#x631;&#x643; (1981 - 2011)</subfield>
    <subfield code="9">32415</subfield>
  </datafield>
  <datafield tag="653" ind1=" " ind2=" ">
    <subfield code="b">Ara</subfield>
    <subfield code="c">February2013</subfield>
  </datafield>
  <datafield tag="942" ind1=" " ind2=" ">
    <subfield code="2">ddc</subfield>
    <subfield code="c">BB</subfield>
  </datafield>
  <datafield tag="999" ind1=" " ind2=" ">
    <subfield code="c">17237</subfield>
    <subfield code="d">17209</subfield>
  </datafield>
  <datafield tag="952" ind1=" " ind2=" ">
    <subfield code="0">0</subfield>
    <subfield code="1">0</subfield>
    <subfield code="2">ddc</subfield>
    <subfield code="4">0</subfield>
    <subfield code="7">0</subfield>
    <subfield code="8">&#x643;&#x62A;&#x627;&#x628;&#x64A;</subfield>
    <subfield code="a">MAIN</subfield>
    <subfield code="b">MAIN</subfield>
    <subfield code="c">1ST</subfield>
    <subfield code="d">2013-02-06</subfield>
    <subfield code="g">40.00</subfield>
    <subfield code="h">26269</subfield>
    <subfield code="o">320.962  &#x641; &#x636; &#x644;</subfield>
    <subfield code="p">000027989</subfield>
    <subfield code="r">2025-07-15 00:00:00</subfield>
    <subfield code="s">2024-12-23</subfield>
    <subfield code="y">BB</subfield>
  </datafield>
</record>
